000 00633nam a22002177a 4500
003 UA-OsUOA
001 109093
007 ta
008 20141201b un ||||| |||| 00| 0 ukr d
100 _aКнягніцька М.
090 _a908
_bК54
942 _cSA
040 _aUA-OsUOA
_bukr
_cUA-OsUOA
_dUA-OsUOA
245 _aРоби все, що дозволяє тобі фантація!/ Про студента Острозької академії Михайла Куземського
300 _aС.3
955 _a0
041 _aukr
080 _a908
773 0 _w109092
650 7 _a908 Краєзнавство
_2UDC
999 _c396058
_d396058